Understanding community-based forest ecosystem management
Here is a state-of-the-art reference and information source for scientists, community groups and their leaders, resource managers, and ecosystem management practitioners. Healthy ecosystems and community well-being go hand in hand, and the interdependence between the two is the focal point of commun...
Bewaard in:
| Formaat: | Boek |
|---|---|
| Taal: | Undetermined |
| Gepubliceerd in: |
Binghamton, NY : |b Food Products Press, |c c2001
|
| Onderwerpen: | |
| Tags: |
Voeg label toe
Geen labels, Wees de eerste die dit record labelt!
|
| Thư viện lưu trữ: | Trung tâm Học liệu Trường Đại học Cần Thơ |
|---|
| LEADER | 01533nam a2200145Ia 4500 | ||
|---|---|---|---|
| 001 | CTU_141772 | ||
| 008 | 210402s9999 xx 000 0 und d | ||
| 082 | |a 333.75152 | ||
| 082 | |b U55 | ||
| 245 | 0 | |a Understanding community-based forest ecosystem management | |
| 245 | 0 | |c Gerald J. Gray, Maia J. Enzer, Jonathan Kusel, editors | |
| 260 | |a Binghamton, NY : |b Food Products Press, |c c2001 | ||
| 520 | |a Here is a state-of-the-art reference and information source for scientists, community groups and their leaders, resource managers, and ecosystem management practitioners. Healthy ecosystems and community well-being go hand in hand, and the interdependence between the two is the focal point of community-based ecosystem management. The information you'll find in Understanding Community-Based Forest Ecosystem Management will be invaluable in your effort to manage and maintain the ecosystems in your community. Understanding Community-Based Forest Ecosystem Management examines the emergence of community-based ecosystem management (CBEM) in the United States. This comprehensive book blends diverse perspectives, enabling you to draw on the experience and expertise of forest-based practitioners, researchers, and leaders in community-based efforts in the ecosystem management situations that you deal with in your community. | ||
| 650 | |a Forest management |x Citizen participation |v Congresses,Forest management |z United States |x Citizen participation |v Congresses | ||
| 980 | |a Trung tâm Học liệu Trường Đại học Cần Thơ | ||